000 00294nam a22001337a 4500
008 170831b xxu||||| |||| 00| 0 eng d
020 _a9781580650373
041 _aeng
080 _a070
100 _a40
101 _aMED
245 _aCREATIVE PRODUCING
_cSCHREIBMAN.M.A
942 _2udc
_cBK
999 _c25896
_d25896